000 00321nam a22001217a 4500
003 SISC
005 20150114154101.0
008 150114b xxu||||| |||| 00| 0 eng d
020 _a9781561836970
245 _aFinancial Fitness for life student workbook Grade 9-12
_cSuzanne Gellman
300 _a162 p.
942 _2lcc
_cBK
999 _c276971
_d276971